书目信息 |
| 题名: |
中华人民共和国突发事件应对法解读
|
|
| 作者: | 汪永清 主编 | |
| 分册: | ||
| 出版信息: | 北京 中国法制出版社 2007.09 |
|
| 页数: | 247页 | |
| 开本: | 21cm | |
| 丛书名: | 高端释法 | |
| 单 册: | ||
| 中图分类: | D922.105 | |
| 科图分类: | ||
| 主题词: | 紧急事件--jin ji shi jian--处理--法规--法律解释--中国 | |
| 电子资源: | ||
| ISBN: | 978-7-5093-0116-6 | |
| 000 | 00947nam 2200253 450 | |
| 001 | 012008958951 | |
| 005 | 20080619100001.87 | |
| 010 | @a978-7-5093-0116-6@dCNY18.00 | |
| 100 | @a20080619d2007 em y0chi0120 ea | |
| 101 | 0 | @achi |
| 102 | @aCN@b110000 | |
| 105 | @ay n 000yy | |
| 106 | @ar | |
| 200 | 1 | @a中华人民共和国突发事件应对法解读@Azhong hua ren min gong he guo tu fa shi jian ying dui fa jie du@f主编汪永清@Fzhu bian wang yong qing |
| 210 | @a北京@c中国法制出版社@d2007.09 | |
| 215 | @a247页@d21cm | |
| 225 | 2 | @a高端释法@Agao duan shi fa |
| 330 | @a本书对《中华人民共和国突发事件应对法》进行了详细解读,囊括了预防与应急准备、监测与预警、应急处置与救援、事后恢复与重建、法律责任等方面。 | |
| 410 | 0 | @12001 @a高端释法 |
| 606 | 0 | @a紧急事件@Ajin ji shi jian@x处理@x法规@x法律解释@y中国 |
| 690 | @aD922.105@v4 | |
| 701 | 0 | @a汪永清@Awang yong qing@4主编 |
| 801 | 0 | @aCN@bQSSK@c20080619 |
| 905 | @b727843-45@dD922.105@eW085@f3 | |
| 中华人民共和国突发事件应对法解读/主编汪永清.-北京:中国法制出版社,2007.09 |
| 247页;21cm.-(高端释法) |
| ISBN 978-7-5093-0116-6:CNY18.00 |
| 本书对《中华人民共和国突发事件应对法》进行了详细解读,囊括了预防与应急准备、监测与预警、应急处置与救援、事后恢复与重建、法律责任等方面。 |
| ● |
| 相关链接 |
|
|
|
正题名:中华人民共和国突发事件应对法解读
索取号:D922.105/W085
 
预约/预借
| 序号 | 登录号 | 条形码 | 馆藏地/架位号 | 状态 | 备注 |
| 1 | 727843 | 207278435 | 社科库509/509社科库 84排8列2层/ [索取号:D922.105/W085] | 在馆 | |
| 2 | 727844 | 207278444 | 社科库509/509社科库 84排8列2层/ [索取号:D922.105/W085] | 在馆 | |
| 3 | 727845 | 207278453 | 社科库509/509社科库 84排8列2层/ [索取号:D922.105/W085] | 在馆 |